00264nam a2200085Ia 4500008004100000082001600041100002200057245007900079300002000158230907s9999||||xx |||||||||||||| ||und|| a363.11bMAN aManuele, Fred A., 0aAdvanced safety management focusing on Z10 and serious injury prevention / axv, 528 pages :